[Event "XXVII Memorial Edoardo Crespi A"]
[Site "Milano ITA"]
[Date "2006.12.10"]
[Round "6"]
[White "Ramondino, Renzo"]
[Black "Ranfagni, Stefano"]
[Result "1-0"]
[WhiteElo "2294"]
[BlackElo "2037"]
[PlyCount "81"]
[EventDate "2006.12.07"]

1. e4 e6 2. d4 d5 3. e5 c5 4. c3 Nc6 5. Nf3 Bd7 6. a3 c4 7. Nbd2 f5 8. h4 Be7
9. Be2 Qc7 10. Ng5 Bxg5 11. hxg5 O-O-O 12. Rb1 Na5 13. b4 cxb3 14. Bb2 Ne7 15.
c4 h6 16. g6 Nxg6 17. cxd5 exd5 18. Rc1 Bc6 19. Nxb3 Nxb3 20. Qxb3 Nf4 21. Bf1
Kd7 22. g3 Ne6 23. Bh3 g6 24. O-O h5 25. f4 Rh7 26. Qd3 Qb6 27. Rf2 Rdh8 28. a4
Ke7 29. Bxf5 gxf5 30. Qxf5 Rh6 31. Qd3 Qa6 32. Qe3 h4 33. g4 Rg6 34. g5 Rh5 35.
Kh2 Nxg5 36. fxg5 Rhxg5 37. e6 Be8 38. Ba3+ Kd8 39. Qf4 Rg2+ 40. Rxg2 Rxg2+ 41.
Kh1 1-0

[Event "XXVII Memorial Edoardo Crespi A"]
[Site "Milano ITA"]
[Date "2006.12.10"]
[Round "6"]
[White "Rossi, Giampiero"]
[Black "Brugo, Marco"]
[Result "0-1"]
[WhiteElo "1976"]
[BlackElo "2091"]
[PlyCount "94"]
[EventDate "2006.12.07"]

1. d4 f5 2. Bg5 h6 3. Bh4 g5 4. Bg3 Bg7 5. e3 d6 6. c3 e5 7. dxe5 dxe5 8. Qxd8+
Kxd8 9. f3 Be6 10. Nd2 Nd7 11. Bc4 Ke7 12. Bxe6 Kxe6 13. e4 f4 14. Bf2 Ngf6 15.
Ne2 Bf8 16. Nb3 Be7 17. a3 g4 18. c4 a5 19. Nc3 a4 20. Nd2 c6 21. Ke2 Bc5 22.
Bxc5 Nxc5 23. Rad1 Rad8 24. Ndb1 Rd4 25. Rxd4 exd4 26. Nd1 gxf3+ 27. gxf3 d3+
28. Kf2 Rg8 29. Rg1 Rxg1 30. Kxg1 Ke5 31. Kf2 Kd4 32. Nd2 Nfd7 33. Ke1 Nb6 34.
Nf2 Nxc4 35. Nxc4 Kxc4 36. Nh3 Ne6 37. Kd2 Kd4 38. Nf2 Ng5 39. Nxd3 Nxf3+ 40.
Ke2 Nxh2 41. Nxf4 Kxe4 42. Ne6 Kd5 43. Nd8 b5 44. Nf7 Ng4 45. Kd2 h5 46. Ng5
Kc4 47. Nf3 c5 0-1

[Event "XXVII Memorial Edoardo Crespi A"]
[Site "Milano ITA"]
[Date "2006.12.10"]
[Round "6"]
[White "Salvador, Roland"]
[Black "Cazzaniga, Walter"]
[Result "1-0"]
[WhiteElo "2455"]
[BlackElo "2159"]
[PlyCount "113"]
[EventDate "2006.12.07"]

1. d4 Nf6 2. Nf3 g6 3. Nc3 d5 4. Bf4 Bg7 5. e3 O-O 6. Be2 c5 7. Ne5 Nc6 8. O-O
Bf5 9. Nxc6 bxc6 10. Be5 cxd4 11. exd4 a5 12. Na4 Nd7 13. Bxg7 Kxg7 14. g4 Be6
15. f4 f6 16. Qd2 Bf7 17. Rae1 Re8 18. Bd3 Qb8 19. b3 Qd6 20. Qf2 Bg8 21. g5
fxg5 22. fxg5 e5 23. dxe5 Rxe5 24. Rxe5 Qxe5 25. Qf4 Re8 26. h4 Qxf4 27. Rxf4
Re1+ 28. Kf2 Ra1 29. Ke3 Rxa2 30. Kd4 h6 31. Nc5 hxg5 32. hxg5 Nf8 33. Rf6 Ra1
34. Na6 a4 35. Nc7 Bf7 36. b4 a3 37. Rxc6 a2 38. Ra6 Rb1 39. Rxa2 Rxb4+ 40. Kc5
Rg4 41. Ra7 Rxg5 42. Ne8+ Kg8 43. Nf6+ Kg7 44. Ne8+ Kg8 45. Nd6 Be6 46. Kd4 Bh3
47. Ne8 Ne6+ 48. Kc3 Kf8 49. Nf6 d4+ 50. Kb4 Rg1 51. Bc4 Rb1+ 52. Bb3 Bf5 53.
Kc4 Rc1 54. Kd5 d3 55. Nh7+ Ke8 56. Kd6 d2 57. Ba4+ 1-0

[Event "XXVII Memorial Edoardo Crespi A"]
[Site "Milano ITA"]
[Date "2006.12.10"]
[Round "6"]
[White "Sgnaolin, Davide"]
[Black "Facchetti, Gianni"]
[Result "1/2-1/2"]
[WhiteElo "2144"]
[BlackElo "2121"]
[PlyCount "86"]
[EventDate "2006.12.07"]

1. e4 e5 2. Nf3 Nc6 3. Bc4 Be7 4. c3 d6 5. d3 Nf6 6. Qe2 O-O 7. Bb3 h6 8. Nbd2
Nh7 9. Nf1 Ng5 10. Ne3 Nxf3+ 11. Qxf3 Bg5 12. g3 Be6 13. h4 Bxe3 14. Bxe3 Qd7
15. Bxe6 fxe6 16. Qg4 Rf6 17. Qh5 Raf8 18. g4 Qf7 19. Qxf7+ R6xf7 20. Rh2 Kh7
21. h5 Rf3 22. Ke2 a6 23. Rg1 R3f7 24. g5 hxg5 25. Rxg5 Ne7 26. Rhg2 Ng8 27.
Rg6 Re8 28. a4 Ree7 29. Bg5 Re8 30. Be3 Ree7 31. c4 Nf6 32. h6 Ng8 33. hxg7
Rxg7 34. Rxg7+ Rxg7 35. Rh2+ Kg6 36. Rh8 Kf7 37. b4 Ke7 38. a5 Kd7 39. b5 c6
40. bxa6 bxa6 41. Rh1 Ke8 42. Rb1 Rg2 43. Bb6 c5 1/2-1/2

[Event "XXVII Memorial Edoardo Crespi A"]
[Site "Milano ITA"]
[Date "2006.12.10"]
[Round "6"]
[White "Stefanetti, Marco"]
[Black "Vignoli, Matteo"]
[Result "1/2-1/2"]
[WhiteElo "2108"]
[BlackElo "1975"]
[PlyCount "143"]
[EventDate "2006.12.07"]

1. d4 Nf6 2. Nf3 g6 3. c4 Bg7 4. Nc3 d6 5. e4 O-O 6. Be2 e5 7. O-O Nc6 8. d5
Ne7 9. Ne1 Ne8 10. f3 f5 11. g4 Kh8 12. Be3 Ng8 13. Qd2 Nef6 14. h3 Bd7 15. Nd3
c5 16. dxc6 Bxc6 17. Nb4 Qe7 18. Bd3 fxg4 19. fxg4 a5 20. Nbd5 Nxd5 21. cxd5
Bd7 22. Bb5 Nf6 23. Bg5 Bxb5 24. Bxf6 Rxf6 25. Nxb5 Raf8 26. Qe2 Bh6 27. Rxf6
Rxf6 28. Rf1 Rf4 29. Rxf4 Bxf4 30. Qe1 a4 31. Kg2 Kg7 32. Qc3 Kf7 33. Qa3 h5
34. Nxd6+ Kg8 35. Qc5 Qh4 36. Qc8+ Kh7 37. Qc7+ Kg8 38. Qb8+ Kh7 39. Qxb7+ Kg8
40. Qa8+ Kh7 41. Qa7+ Kg8 42. Qf2 Qg5 43. Qf3 Qe7 44. Nc8 Qb4 45. Qc3 Qxe4+ 46.
Kf2 hxg4 47. hxg4 Bg5 48. d6 Bh4+ 49. Kf1 Qxg4 50. b3 Qf4+ 51. Ke2 Qe4+ 52. Kd1
Qb1+ 53. Qc1 Qd3+ 54. Qd2 Qf1+ 55. Kc2 Qf5+ 56. Kb2 Qxc8 57. Qh6 Qg4 58. d7 Bf6
59. Qd2 e4+ 60. Ka3 Be7+ 61. b4 Qf3+ 62. Kxa4 Qd3 63. Qxd3 exd3 64. Kb3 Kf7 65.
Kc3 d2 66. Kc2 Ke6 67. d8=Q Bxd8 68. Kxd2 Kd5 69. Ke3 Kc4 70. a3 Kb3 71. Kf4
Kxa3 72. b5 1/2-1/2

[Event "XXVII Memorial Edoardo Crespi A"]
[Site "Milano ITA"]
[Date "2006.12.10"]
[Round "6"]
[White "Villalba, Fernando"]
[Black "Cavatorta, Fosco"]
[Result "1-0"]
[WhiteElo "1911"]
[BlackElo "1976"]
[PlyCount "79"]
[EventDate "2006.12.07"]

1. e4 d6 2. d4 Nf6 3. Nc3 e5 4. dxe5 dxe5 5. Qxd8+ Kxd8 6. Bg5 Be6 7. O-O-O+
Nbd7 8. Nf3 h6 9. Bh4 Bd6 10. Bb5 g5 11. Bg3 Ke7 12. Rhe1 c6 13. Ba4 Bc7 14. h4
g4 15. Nd2 Nh5 16. Bb3 Nxg3 17. fxg3 Bb6 18. Rf1 Nc5 19. Bxe6 Nxe6 20. Nc4 f6
21. Nd6 Nd4 22. Nc4 Bc5 23. Ne3 Nb3+ 24. axb3 Bxe3+ 25. Kb1 Rad8 26. Ne2 Bd2
27. Nc1 Rd6 28. Nd3 Be3 29. Rde1 Bb6 30. Rf5 h5 31. Ref1 Rh6 32. b4 Rd4 33. Re1
Ke6 34. Ka2 Rxe4 35. Rxf6+ Rxf6 36. Rxe4 Rf5 37. Kb3 Kd5 38. Re2 Bc7 39. Nc5 b6
40. Rd2# 1-0

[Event "XXVII Memorial Edoardo Crespi A"]
[Site "Milano ITA"]
[Date "2006.12.10"]
[Round "6"]
[White "Virzi, Ettore"]
[Black "Pasquotto, Mirko"]
[Result "1/2-1/2"]
[WhiteElo "1967"]
[BlackElo "1978"]
[PlyCount "45"]
[EventDate "2006.12.07"]

1. e4 c5 2. Nf3 d6 3. d4 cxd4 4. Nxd4 Nf6 5. Nc3 a6 6. Bg5 e6 7. f4 Nc6 8. e5
Nxd4 9. Qxd4 dxe5 10. Qxd8+ Kxd8 11. fxe5 h6 12. Bf4 Nd7 13. O-O-O b5 14. a4
bxa4 15. Nxa4 Kc7 16. Bc4 Bb7 17. Rxd7+ Kxd7 18. Nb6+ Kc7 19. Nxa8+ Bxa8 20.
Bxa6 Bxg2 21. Rg1 Be4 22. Re1 Bf5 23. Bd2 1/2-1/2

[Event "C.to Regionale Calabria"]
[Site "Catanzaro ITA"]
[Date "2006.06.02"]
[Round "1"]
[White "Abatino, Maurizio"]
[Black "Taurino, Fabrizio"]
[Result "1-0"]
[WhiteElo "2205"]
[BlackElo "1580"]
[PlyCount "67"]
[EventDate "2006.06.02"]

1. d4 d5 2. c4 Nf6 3. cxd5 Nxd5 4. e4 Nb6 5. Nf3 g6 6. Be2 Bg7 7. O-O O-O 8. h3
N6d7 9. Nc3 e6 10. Be3 b6 11. Qd2 c5 12. Rfd1 Nc6 13. Bb5 Qc7 14. d5 Nce5 15.
Ng5 Nb8 16. f4 h6 17. fxe5 hxg5 18. d6 Qb7 19. d7 Nxd7 20. Bxd7 Rd8 21. Bxc8
Raxc8 22. Qe2 Rf8 23. Bxg5 Bxe5 24. Rd2 f6 25. Bh4 g5 26. Bf2 a6 27. Rad1 Qh7
28. Qg4 Qg6 29. Qxe6+ Kh8 30. Qg4 f5 31. exf5 Qf6 32. Nd5 Qxf5 33. Qxf5 Rxf5
34. Ne7 1-0

[Event "C.to Regionale Calabria"]
[Site "Catanzaro ITA"]
[Date "2006.06.02"]
[Round "1"]
[White "Bellisario, Carlo"]
[Black "Fittante, Enrico"]
[Result "0-1"]
[WhiteElo "1700"]
[BlackElo "1437"]
[PlyCount "82"]
[EventDate "2006.06.02"]

1. c4 d6 2. Nc3 e5 3. g3 Nf6 4. Bg2 c6 5. e3 Be7 6. Nge2 Nbd7 7. O-O O-O 8. a3
Rb8 9. b4 a6 10. d3 Re8 11. a4 Nb6 12. a5 Na8 13. Bb2 Be6 14. e4 Nc7 15. Na4
Na8 16. c5 Qd7 17. f4 Bh3 18. fxe5 dxe5 19. Bxe5 Bxg2 20. Kxg2 Rbd8 21. Bxf6
Bxf6 22. Ra3 Bd4 23. Nxd4 Qxd4 24. Qb3 Rf8 25. Qc3 Qe3 26. Qe1 Qd4 27. Qc3 Qd7
28. Nb6 Nxb6 29. axb6 f5 30. exf5 Rxf5 31. Rxf5 Qxf5 32. Qc4+ Kh8 33. Qe4 Qf6
34. Ra2 Rf8 35. Qe2 Qd4 36. Rb2 h6 37. Kh1 Rd8 38. Rb3 Qd5+ 39. Qe4 Qxb3 40.
Qe7 Qxd3 41. Qxb7 Qf1# 0-1

[Event "C.to Regionale Calabria"]
[Site "Catanzaro ITA"]
[Date "2006.06.02"]
[Round "1"]
[White "Blasco, Domenico"]
[Black "Soluri, Francesco"]
[Result "1-0"]
[WhiteElo "2008"]
[BlackElo "1473"]
[PlyCount "33"]
[EventDate "2006.06.02"]

1. d4 Nf6 2. c4 e6 3. Nc3 Bb4 4. Qc2 c6 5. Nf3 O-O 6. Bg5 d5 7. e3 Nbd7 8. Bd3
Qc7 9. O-O Bxc3 10. bxc3 g6 11. Rfe1 Re8 12. Rad1 e5 13. dxe5 Ng4 14. cxd5 cxd5
15. c4 dxc4 16. Bxc4 Ngxe5 17. Bxf7+ 1-0

[Event "C.to Regionale Calabria"]
[Site "Catanzaro ITA"]
[Date "2006.06.02"]
[Round "1"]
[White "De Rasis, Giovanni"]
[Black "Forlano, Luigi"]
[Result "0-1"]
[WhiteElo "1476"]
[BlackElo "2013"]
[PlyCount "36"]
[EventDate "2006.06.02"]

1. d4 g6 2. c4 Bg7 3. Nc3 c5 4. Nf3 cxd4 5. Nxd4 Nc6 6. e3 Nf6 7. Be2 O-O 8. h4
d5 9. h5 e5 10. Nxc6 bxc6 11. hxg6 hxg6 12. Qa4 d4 13. exd4 exd4 14. Nd1 Re8
15. Kf1 Qe7 16. Ne3 dxe3 17. Bxe3 Ng4 18. Rh3 Nxf2 0-1

[Event "C.to Regionale Calabria"]
[Site "Catanzaro ITA"]
[Date "2006.06.02"]
[Round "1"]
[White "Mercuri, Delia"]
[Black "Alo', Lucio"]
[Result "0-1"]
[WhiteElo "1433"]
[BlackElo "1628"]
[PlyCount "52"]
[EventDate "2006.06.02"]

1. e4 e5 2. Nf3 Nc6 3. Bc4 Be7 4. O-O d6 5. h3 Nf6 6. Nc3 O-O 7. d4 Na5 8. Bb3
Nxb3 9. axb3 exd4 10. Nxd4 Re8 11. Be3 a6 12. Qd2 Bd7 13. Nde2 b5 14. f3 Bf8
15. Nd5 Nxd5 16. Qxd5 h6 17. Qb7 a5 18. Ba7 a4 19. bxa4 bxa4 20. Nc3 c5 21. Nd5
Qc8 22. Qb6 Qc6 23. Qxc6 Bxc6 24. Nc7 Rxa7 25. Nxe8 Bxe8 26. Ra3 c4 0-1

[Event "C.to Regionale Calabria"]
[Site "Catanzaro ITA"]
[Date "2006.06.02"]
[Round "1"]
[White "Mercurio, Rosario"]
[Black "Familari, Giuseppe"]
[Result "0-1"]
[WhiteElo "1333"]
[BlackElo "1600"]
[PlyCount "72"]
[EventDate "2006.06.02"]

1. Nf3 Nf6 2. g3 g6 3. Bg2 Bg7 4. O-O O-O 5. d3 d5 6. Nbd2 Nbd7 7. b3 Ne4 8.
Rb1 Nc3 9. Qe1 Nxb1 10. Nxb1 Nf6 11. Nbd2 c6 12. c4 Qa5 13. a4 Re8 14. Bb2 Nd7
15. Bxg7 Kxg7 16. Qa1+ f6 17. Qb2 e5 18. e4 dxe4 19. Nxe4 Nc5 20. Rd1 Nxe4 21.
dxe4 Be6 22. h4 Rad8 23. Rc1 Qb4 24. Kh2 Rd3 25. Rb1 Bg4 26. Ne1 Rd2 27. Qa1
Red8 28. f3 Be6 29. Kh1 Re2 30. Bf1 Rf2 31. Kg1 Rdd2 32. Nd3 Rxf1+ 33. Rxf1
Rxd3 34. Qb1 Qxb3 35. Qxb3 Rxb3 36. Rd1 Bxc4 0-1

[Event "C.to Regionale Calabria"]
[Site "Catanzaro ITA"]
[Date "2006.06.02"]
[Round "1"]
[White "Paragliola, Gennaro"]
[Black "Cordi', Domenico"]
[Result "0-1"]
[WhiteElo "1529"]
[BlackElo "2065"]
[PlyCount "66"]
[EventDate "2006.06.02"]

1. d4 Nf6 2. c4 g6 3. Nc3 Bg7 4. e4 d6 5. Nf3 O-O 6. Be2 Na6 7. O-O e5 8. d5
Nc5 9. Bg5 h6 10. Bxf6 Bxf6 11. b4 Na6 12. a3 Qe7 13. Qd2 Kh7 14. h3 Bd7 15.
Rfe1 h5 16. Rac1 Rg8 17. Kh1 g5 18. Qd3 g4 19. hxg4 hxg4 20. Nh2 Bg5 21. Rcd1
Bf4 22. g3 Bh6 23. Rb1 Raf8 24. Qd1 Qg5 25. Qc2 Rg6 26. Nd1 Qh5 27. Kg1 Bg5 28.
f3 Rh6 29. Bd3 gxf3 30. Ne3 Rg8 31. Nf5 Bxf5 32. exf5 Bf4 33. g4 Bxh2+ 0-1

[Event "C.to Regionale Calabria"]
[Site "Catanzaro ITA"]
[Date "2006.06.02"]
[Round "1"]
[White "Piccoli, Vincenzo"]
[Black "Sgro', Daniele"]
[Result "1-0"]
[WhiteElo "1667"]
[BlackElo "1434"]
[PlyCount "113"]
[EventDate "2006.06.02"]

1. d4 d5 2. c4 c6 3. Nf3 e6 4. Nc3 Nf6 5. Bg5 Nbd7 6. e3 g6 7. Bd3 Bg7 8. O-O
O-O 9. Rc1 b6 10. Ne5 Qc7 11. Bf4 Nxe5 12. Bxe5 Qe7 13. c5 Qb7 14. cxb6 axb6
15. b4 b5 16. Qb3 Ng4 17. Bg3 e5 18. dxe5 Bxe5 19. Bxe5 Nxe5 20. Be2 Be6 21.
Qb2 Bg4 22. f3 Bf5 23. Nxd5 cxd5 24. Qxe5 Rxa2 25. Rc7 Qb8 26. Bd1 Ra7 27. Re7
Rxe7 28. Qxe7 Re8 29. Qc5 Bd3 30. Rf2 Re5 31. f4 Re6 32. Rd2 Bc4 33. Bf3 Qd6
34. Qxd6 Rxd6 35. e4 d4 36. e5 Rd8 37. Kf2 d3 38. Ke3 Rb8 39. Be4 f6 40. Bxd3
fxe5 41. fxe5 Kf7 42. Bxc4+ bxc4 43. Rd7+ Kg8 44. e6 Re8 45. e7 Kf7 46. Kd4
Rxe7 47. Rxe7+ Kxe7 48. Kxc4 Kd7 49. Kb5 h5 50. Ka6 Kc7 51. h4 Kb8 52. Kb6 Ka8
53. Kc7 Ka7 54. b5 Ka8 55. b6 g5 56. b7+ Ka7 57. b8=Q+ 1-0

[Event "C.to Regionale Calabria"]
[Site "Catanzaro ITA"]
[Date "2006.06.02"]
[Round "1"]
[White "Rizzuti, Pasquale"]
[Black "Calomeni, Gianpaolo"]
[Result "1-0"]
[WhiteElo "1847"]
[BlackElo "1440"]
[PlyCount "63"]
[EventDate "2006.06.02"]

1. c4 e5 2. Nc3 Nc6 3. g3 Bc5 4. e3 d6 5. Bg2 Bd7 6. Nf3 Nf6 7. O-O Qc8 8. d4
exd4 9. exd4 Bb6 10. Re1+ Ne7 11. Bg5 Be6 12. d5 Bh3 13. Bxf6 gxf6 14. Qe2 O-O
15. Qxe7 Bxg2 16. Kxg2 Qf5 17. Ne4 Kg7 18. Nh4 Qe5 19. Qxe5 fxe5 20. Nf5+ Kh8
21. g4 Rg8 22. Kf3 c6 23. Nexd6 Raf8 24. Rxe5 Bd8 25. Ne4 f6 26. Re6 Rg6 27.
dxc6 bxc6 28. Rxc6 Rfg8 29. h3 h5 30. b4 hxg4+ 31. hxg4 Rxg4 32. Rh1+ 1-0

[Event "C.to Regionale Calabria"]
[Site "Catanzaro ITA"]
[Date "2006.06.02"]
[Round "1"]
[White "Scalise, Sandro"]
[Black "Prete, Ugo"]
[Result "0-1"]
[WhiteElo "1628"]
[BlackElo "1413"]
[PlyCount "52"]
[EventDate "2006.06.02"]

1. d4 Nf6 2. Nf3 d6 3. Bf4 Nbd7 4. e3 g6 5. Nbd2 Bg7 6. h3 O-O 7. Bc4 Nb6 8.
Bb3 Nbd5 9. Bh2 Bf5 10. c3 a5 11. a4 Qc8 12. Qe2 Nb6 13. e4 Be6 14. d5 Bd7 15.
O-O c6 16. c4 c5 17. e5 Ne8 18. exd6 Nxd6 19. Qxe7 Nf5 20. Qe4 Re8 21. Qc2 Nd4
22. Nxd4 Bxd4 23. Nf3 Bf5 24. Qc1 Bg7 25. Bc2 Bd7 26. Bd3 Nxa4 0-1

[Event "C.to Regionale Calabria"]
[Site "Catanzaro ITA"]
[Date "2006.06.02"]
[Round "1"]
[White "Serratore, Vincenzo"]
[Black "Tassone, Francesco"]
[Result "1-0"]
[WhiteElo "2046"]
[BlackElo "1493"]
[PlyCount "61"]
[EventDate "2006.06.02"]

1. d4 d5 2. Bf4 Nc6 3. Nf3 Bg4 4. e3 Nf6 5. c3 a6 6. Bd3 e6 7. Nbd2 Be7 8. h3
Bh5 9. Qc2 Bg6 10. Bxg6 hxg6 11. O-O-O Qd7 12. c4 O-O-O 13. Kb1 Bd6 14. Ne5 Qe8
15. Rc1 Nh5 16. Bh2 f6 17. Nxc6 Qxc6 18. Bxd6 Qxd6 19. c5 Qe7 20. g4 c6 21.
gxh5 gxh5 22. Rcg1 g5 23. f4 Rdg8 24. Nf3 Rg7 25. Qe2 Rhg8 26. fxg5 fxg5 27.
Ne5 h4 28. Rh2 Qf6 29. Rf2 Qh6 30. Kc1 Kb8 31. Rgf1 1-0

[Event "C.to Regionale Calabria"]
[Site "Catanzaro ITA"]
[Date "2006.06.02"]
[Round "1"]
[White "Zampaglione, Francesco"]
[Black "Marincolo, Piercarlo"]
[Result "0-1"]
[WhiteElo "1437"]
[BlackElo "1679"]
[PlyCount "82"]
[EventDate "2006.06.02"]

1. d4 d5 2. c4 c6 3. Nf3 Nf6 4. Nc3 Bf5 5. Bf4 e6 6. Qb3 Qc8 7. e3 Be7 8. Be2
O-O 9. O-O Rd8 10. Rfd1 h6 11. h3 Bd6 12. Bxd6 Rxd6 13. c5 Rd8 14. Bd3 Bxd3 15.
Rxd3 Nbd7 16. Re1 Ne4 17. Ne5 Nxe5 18. dxe5 Nxc5 19. Qc2 Nxd3 20. Qxd3 Qc7 21.
f4 b5 22. Qd4 a6 23. b4 Rac8 24. Qc5 Qd7 25. Rd1 Qb7 26. a3 Rd7 27. a4 Qa7 28.
Qd4 c5 29. bxc5 Qxc5 30. Qxc5 Rxc5 31. Rd3 b4 32. Na2 a5 33. e4 Rc2 34. Nxb4
axb4 35. Rb3 Rc4 36. exd5 Rxd5 37. g3 Ra5 38. Kf2 Rxa4 39. Ke2 Ra3 40. Rb2 Rxg3
41. h4 Rg2+ 0-1

[Event "C.to Regionale Calabria"]
[Site "Catanzaro ITA"]
[Date "2006.06.02"]
[Round "2"]
[White "Alo', Lucio"]
[Black "Blasco, Domenico"]
[Result "0-1"]
[WhiteElo "1628"]
[BlackElo "2008"]
[PlyCount "88"]
[EventDate "2006.06.02"]

1. Nf3 g6 2. d4 Bg7 3. e4 d6 4. Be2 Nd7 5. Bc4 e6 6. O-O Ne7 7. Ng5 Nb6 8. Bb3
O-O 9. Nc3 Nc6 10. Be3 Na5 11. f4 Nxb3 12. axb3 h6 13. Nf3 Bd7 14. Qd2 Kh7 15.
Rad1 Qe7 16. e5 d5 17. h3 a5 18. Nh2 a4 19. bxa4 Nc4 20. Qc1 Nxe3 21. Qxe3 Bxa4
22. b3 Bd7 23. g4 Rg8 24. Nf3 Bf8 25. g5 h5 26. h4 Qb4 27. Ra1 Be7 28. Rac1 c5
29. Kh1 Rgc8 30. Ne2 cxd4 31. Nexd4 Rc3 32. Qd2 Rac8 33. Ne2 Rxf3 34. Qd1 Rxf1+
35. Qxf1 Qe4+ 36. Kh2 Rxc2 37. Rxc2 Qxc2 38. Kg3 Bb5 39. Kf3 Qxb3+ 40. Kf2 Qc2
41. Kf3 Bxe2+ 42. Qxe2 Qxe2+ 43. Kxe2 Bc5 44. Kd3 Bf2 0-1

[Event "C.to Regionale Calabria"]
[Site "Catanzaro ITA"]
[Date "2006.06.02"]
[Round "2"]
[White "Cordi', Domenico"]
[Black "Condello, Giuseppe"]
[Result "0-1"]
[WhiteElo "2065"]
[BlackElo "1825"]
[PlyCount "88"]
[EventDate "2006.06.02"]

1. e4 e6 2. d4 d5 3. Nd2 dxe4 4. Nxe4 Nf6 5. Bd3 Be7 6. Nf3 Nbd7 7. O-O O-O 8.
c3 b6 9. Qe2 Bb7 10. Ng3 c5 11. Bd2 Qc7 12. Ne5 cxd4 13. cxd4 Rac8 14. a3 a5
15. Rfd1 Rfd8 16. Kh1 Nb8 17. Rac1 Nc6 18. Nxc6 Bxc6 19. Ba6 Rb8 20. Qc4 Qa7
21. Bf4 Bd6 22. Bg5 Bd5 23. Qb5 Ra8 24. Nf5 Qxa6 25. Qxa6 Rxa6 26. Nxd6 b5 27.
Nxb5 h6 28. Bxf6 gxf6 29. Nc7 Rb6 30. Rd2 Be4 31. f3 Bf5 32. Rc5 a4 33. Ra5 Rc6
34. g4 Bc2 35. Nb5 Bb3 36. Kg2 e5 37. Kf2 Rd5 38. Ra8+ Kg7 39. Rb8 Rc4 40. Ke3
exd4+ 41. Nxd4 Re5+ 42. Kf2 h5 43. Nxb3 axb3 44. Rxb3 hxg4 0-1

[Event "C.to Regionale Calabria"]
[Site "Catanzaro ITA"]
[Date "2006.06.02"]
[Round "2"]
[White "Forlano, Luigi"]
[Black "Piccoli, Vincenzo"]
[Result "1-0"]
[WhiteElo "2013"]
[BlackElo "1667"]
[PlyCount "49"]
[EventDate "2006.06.02"]

1. c4 e6 2. g3 c5 3. Bg2 Nc6 4. Nf3 d6 5. O-O Qc7 6. Nc3 Nf6 7. d3 b6 8. e4 Bb7
9. Ng5 h6 10. Nh3 g5 11. f4 g4 12. Nf2 h5 13. Re1 O-O-O 14. Qa4 a6 15. a3 h4
16. b4 hxg3 17. hxg3 Ne7 18. Qb3 Bg7 19. Rb1 Nh5 20. Ne2 Bd4 21. Bb2 Bxb2 22.
Qxb2 d5 23. bxc5 Nxg3 24. Nxg3 Qxf4 25. Qxb6 1-0

[Event "C.to Regionale Calabria"]
[Site "Catanzaro ITA"]
[Date "2006.06.02"]
[Round "2"]
[White "Luvera', Filippo"]
[Black "Bellisario, Carlo"]
[Result "1-0"]
[WhiteElo "1832"]
[BlackElo "1700"]
[PlyCount "91"]
[EventDate "2006.06.02"]

1. e4 d6 2. d4 Nf6 3. Nc3 g6 4. Nf3 Bg7 5. Be2 O-O 6. O-O c6 7. h3 Nbd7 8. e5
dxe5 9. dxe5 Ne8 10. e6 fxe6 11. Ng5 Rf6 12. Nce4 Nc7 13. Nxf6+ exf6 14. Ne4
Qe7 15. Qd6 Qxd6 16. Nxd6 Nd5 17. c4 Nb4 18. Rd1 Ne5 19. a3 Na6 20. b4 Nc7 21.
Bb2 f5 22. f4 Nf3+ 23. Bxf3 Bxb2 24. Ra2 Bg7 25. Rad2 Na6 26. Nxc8 Rxc8 27.
Rd8+ Rxd8 28. Rxd8+ Kf7 29. Rd7+ Kf8 30. Rxb7 h5 31. Rxg7 Kxg7 32. Bxc6 Nb8 33.
Bf3 Kf6 34. Kf2 e5 35. fxe5+ Kxe5 36. Ke3 f4+ 37. Kd3 Nd7 38. c5 Nb8 39. b5 Nd7
40. Kc4 h4 41. a4 g5 42. a5 Nb8 43. c6 Kd6 44. Kb4 a6 45. Kc4 axb5+ 46. Kxb5
1-0

[Event "C.to Regionale Calabria"]
[Site "Catanzaro ITA"]
[Date "2006.06.02"]
[Round "2"]
[White "Marincolo, Piercarlo"]
[Black "Serratore, Vincenzo"]
[Result "0-1"]
[WhiteElo "1679"]
[BlackElo "2046"]
[PlyCount "140"]
[EventDate "2006.06.02"]

1. e4 e5 2. Nf3 Nc6 3. Bb5 Bc5 4. O-O Qe7 5. c3 Nf6 6. Re1 Bxf2+ 7. Kxf2 Qc5+
8. d4 Qxb5 9. Kg1 Qb6 10. h3 O-O 11. Na3 exd4 12. cxd4 d6 13. Kh1 d5 14. e5 Ne4
15. Kh2 f5 16. Re3 Ne7 17. Rb3 Qg6 18. Bf4 c6 19. Nc2 h6 20. Nh4 Qe6 21. Nf3 g5
22. Bg3 a5 23. a4 Rf7 24. Be1 g4 25. hxg4 fxg4 26. Nd2 Ng5 27. Bg3 Ng6 28. Qe2
h5 29. Rf1 h4 30. Be1 g3+ 31. Kh1 Nf4 32. Qe3 Qf5 33. Rxf4 Qxf4 34. Qxf4 Rxf4
35. Bxg3 hxg3 36. Rxg3 Rg4 37. Rxg4 Bxg4 38. Ne3 Be6 39. Nb3 b6 40. g4 Kf7 41.
Nd2 c5 42. dxc5 bxc5 43. b3 d4 44. Nec4 Bxg4 45. Kg2 Ke6 46. Kg3 Bd1 47. Kf4
Nf7 48. Ne4 Bxb3 49. Nxc5+ Kd5 50. Nb6+ Kxc5 51. Nxa8 Kc6 52. Ke4 d3 53. Kxd3
Nxe5+ 54. Kd4 Nd7 55. Kc3 Bxa4 56. Kb2 Kb7 57. Ka3 Bc6 58. Nc7 Kxc7 59. Kb3 Kb6
60. Ka3 Kb5 61. Kb3 Nc5+ 62. Ka3 Bd5 63. Kb2 Kb4 64. Ka1 Ka3 65. Kb1 Nb3 66.
Kc2 Ka2 67. Kc3 a4 68. Kb4 a3 69. Kc3 Be4 70. Kb4 Kb2 0-1

[Event "C.to Regionale Calabria"]
[Site "Catanzaro ITA"]
[Date "2006.06.02"]
[Round "2"]
[White "Soluri, Francesco"]
[Black "Mercurio, Rosario"]
[Result "1-0"]
[WhiteElo "1473"]
[BlackElo "1333"]
[PlyCount "43"]
[EventDate "2006.06.02"]

1. c4 c5 2. Nc3 Nc6 3. g3 Nf6 4. Bg2 g6 5. Nf3 Bg7 6. O-O O-O 7. Re1 b6 8. e4
d6 9. d3 Bg4 10. Be3 Qd7 11. a3 Ne5 12. Rb1 Rad8 13. b3 e6 14. d4 cxd4 15. Bxd4
Nxf3+ 16. Bxf3 e5 17. Be3 Bh3 18. Bg5 Rc8 19. Bxf6 Bxf6 20. Nd5 Bg7 21. Re3 Bh6
22. Nf6+ 1-0

[Event "C.to Regionale Calabria"]
[Site "Catanzaro ITA"]
[Date "2006.06.02"]
[Round "2"]
[White "Tassone, Francesco"]
[Black "Mercuri, Delia"]
[Result "1/2-1/2"]
[WhiteElo "1493"]
[BlackElo "1433"]
[PlyCount "76"]
[EventDate "2006.06.02"]

1. e4 c5 2. Nf3 d6 3. d4 cxd4 4. Nxd4 e6 5. Nc3 a6 6. a3 b5 7. Bd3 e5 8. Nf3
Nf6 9. h3 Nfd7 10. Bg5 Be7 11. Bxe7 Qxe7 12. Nd5 Qd8 13. b4 O-O 14. O-O Nb6 15.
Nxb6 Qxb6 16. Qe2 Be6 17. Rfc1 Nd7 18. c4 Bxc4 19. Bxc4 bxc4 20. Rxc4 Rfc8 21.
Rac1 Rxc4 22. Rxc4 Qb5 23. Qc2 Nb6 24. Rc6 Rd8 25. Rc7 h6 26. Qc6 Kh7 27. Qxb5
axb5 28. Rb7 Nc4 29. Rxb5 Nxa3 30. Ra5 Nc4 31. Ra4 Nb2 32. Ra3 Nc4 33. Rb3 Rb8
34. b5 Kg6 35. Nh4+ Kf6 36. Nf5 h5 37. Ne3 Nb6 38. g3 Ke6 1/2-1/2

[Event "C.to Regionale Calabria"]
[Site "Catanzaro ITA"]
[Date "2006.06.02"]
[Round "2"]
[White "Taurino, Fabrizio"]
[Black "Zampaglione, Francesco"]
[Result "1/2-1/2"]
[WhiteElo "1580"]
[BlackElo "1437"]
[PlyCount "134"]
[EventDate "2006.06.02"]

1. d4 d5 2. c4 Nf6 3. Nc3 e6 4. a3 Nc6 5. Nf3 g6 6. Bg5 Be7 7. e3 Ne4 8. Bxe7
Qxe7 9. cxd5 Nxc3 10. bxc3 exd5 11. Bd3 Bg4 12. O-O Qf6 13. Be2 Bxf3 14. Bxf3
O-O-O 15. Qb3 Qe6 16. Rfe1 f5 17. h3 Na5 18. Qa2 Qc6 19. Rac1 Qc4 20. Qb2 Qb3
21. Rb1 Qxb2 22. Rxb2 Nc4 23. Ra2 Rd6 24. Rb1 Rhd8 25. g4 Ra6 26. Rba1 c6 27.
a4 b6 28. Be2 Kb7 29. Bxc4 dxc4 30. f3 fxg4 31. fxg4 Re8 32. Re2 Ra5 33. e4 h5
34. e5 Rd5 35. Rf1 c5 36. Rf7+ Ka6 37. e6 cxd4 38. cxd4 Rdd8 39. Rd7 Rxd7 40.
exd7 Rd8 41. Rc2 b5 42. axb5+ Kxb5 43. Kg2 Rxd7 44. Rb2+ Kc6 45. Rd2 hxg4 46.
hxg4 c3 47. Rd3 Kb5 48. Rxc3 Rxd4 49. Kg3 Kb4 50. Rc7 a5 51. Kh4 Rd5 52. Rg7
g5+ 53. Rxg5 Rxg5 54. Kxg5 a4 55. Kh6 a3 56. g5 a2 57. g6 a1=Q 58. g7 Qf6+ 59.
Kh7 Qf5+ 60. Kg8 Kc5 61. Kh8 Qh5+ 62. Kg8 Kd6 63. Kf8 Qf5+ 64. Ke8 Qg6+ 65. Kf8
Qf6+ 66. Kg8 Ke7 67. Kh7 Kf7 1/2-1/2